Sunrays and saturday / (Record no. 168896)

MARC details
000 -LEADER
fixed length control field 00531nam a22001817a 4500
005 - DATE AND TIME OF LATEST TRANSACTION
control field 20191030174248.0
010 ## - LCCN (DPL NO)
LC control number ENG-126753
020 ## - INTERNATIONAL STANDARD BOOK NUMBER
International Standard Book Number 9789352669899
Terms of availability 500.00
035 ## - SYSTEM CONTROL NUMBER
System control number EN-110285
037 ## - SOURCE OF ACQUISITION
Source of stock number/acquisition DBAD/PUB
082 ## - DEWEY DECIMAL CLASSIFICATION NUMBER
Classification number S
100 ## - MAIN ENTRY--PERSONAL NAME
Personal name Tondon, Priya
245 ## - TITLE STATEMENT
Title Sunrays and saturday /
Statement of responsibility, etc by Priya [and] Sanjay Tondon
260 ## - PUBLICATION, DISTRIBUTION, ETC. (IMPRINT)
Place of publication, distribution, etc New Delhi
Name of publisher, distributor, etc Prabhat Prakashan
Date of publication, distribution, etc 2018
270 ## - ADDRESS
Address 4/19, Asaf Ali Road
City New Delhi
Postal code 110002
Electronic mail address prabhatbooks@gmail.com
Telephone number 011-23289777
300 ## - PHYSICAL DESCRIPTION
Extent 216p.
Dimensions 22cm(Hb)
942 ## - ADDED ENTRY ELEMENTS (KOHA)
Source of classification or shelving scheme Dewey Decimal Classification
Item type English Books
Classification part S
Call number suffix TAN
Holdings
Withdrawn status Lost status Not for loan Collection code Home library Current library Date acquired Source of acquisition Cost, normal purchase price Full call number Barcode Copy number Cost, replacement price Koha item type
    Not For Loan Fiction D.B.Act.Division D.B.Act.Division 30/10/2019 DBAD/PUB 500.00 S TAN EN-110285 1 500.00 English Books

© Delhi Public Library
Hit Counter
free hit counter